<?xml version="1.0" encoding="UTF-8"?>
<record
    xmlns:xsi="http://www.w3.org/2001/XMLSchema-instance"
    xsi:schemaLocation="http://www.loc.gov/MARC21/slim http://www.loc.gov/standards/marcxml/schema/MARC21slim.xsd"
    xmlns="http://www.loc.gov/MARC21/slim">

  <leader>00338    a2200145   4500</leader>
  <datafield tag="020" ind1=" " ind2=" ">
    <subfield code="a">978-7-119-13562-5</subfield>
  </datafield>
  <datafield tag="040" ind1=" " ind2=" ">
    <subfield code="a">ISPLB</subfield>
  </datafield>
  <datafield tag="082" ind1=" " ind2=" ">
    <subfield code="b">32</subfield>
  </datafield>
  <datafield tag="100" ind1=" " ind2=" ">
    <subfield code="9">1011</subfield>
    <subfield code="a">XI,Jinping</subfield>
  </datafield>
  <datafield tag="245" ind1=" " ind2=" ">
    <subfield code="a">A Governan&#xE7;a da China IV</subfield>
  </datafield>
  <datafield tag="260" ind1=" " ind2=" ">
    <subfield code="a">China ,</subfield>
    <subfield code="b">Edi&#x22F;es em Linguas Estrangeiras </subfield>
    <subfield code="c">2023.</subfield>
  </datafield>
  <datafield tag="300" ind1=" " ind2=" ">
    <subfield code="a">721p</subfield>
  </datafield>
  <datafield tag="650" ind1=" " ind2=" ">
    <subfield code="a">Politica </subfield>
  </datafield>
  <datafield tag="942" ind1=" " ind2=" ">
    <subfield code="c">Livros</subfield>
  </datafield>
  <datafield tag="999" ind1=" " ind2=" ">
    <subfield code="c">2188</subfield>
    <subfield code="d">2188</subfield>
  </datafield>
  <datafield tag="952" ind1=" " ind2=" ">
    <subfield code="0">0</subfield>
    <subfield code="1">0</subfield>
    <subfield code="2">ddc</subfield>
    <subfield code="4">0</subfield>
    <subfield code="7">0</subfield>
    <subfield code="a">ISPLB</subfield>
    <subfield code="b">ISPLB</subfield>
    <subfield code="d">2026-04-02</subfield>
    <subfield code="i">9 (5)</subfield>
    <subfield code="l">0</subfield>
    <subfield code="o">32</subfield>
    <subfield code="p">2026-0105</subfield>
    <subfield code="r">2026-04-02</subfield>
    <subfield code="w">2026-04-02</subfield>
    <subfield code="y">Livros</subfield>
  </datafield>
  <datafield tag="952" ind1=" " ind2=" ">
    <subfield code="0">0</subfield>
    <subfield code="1">0</subfield>
    <subfield code="2">ddc</subfield>
    <subfield code="4">0</subfield>
    <subfield code="7">0</subfield>
    <subfield code="a">ISPLB</subfield>
    <subfield code="b">ISPLB</subfield>
    <subfield code="d">2026-04-02</subfield>
    <subfield code="i">9 (5)</subfield>
    <subfield code="l">0</subfield>
    <subfield code="o">32</subfield>
    <subfield code="p">2026-0106</subfield>
    <subfield code="r">2026-04-02</subfield>
    <subfield code="w">2026-04-02</subfield>
    <subfield code="y">Livros</subfield>
  </datafield>
  <datafield tag="952" ind1=" " ind2=" ">
    <subfield code="0">0</subfield>
    <subfield code="1">0</subfield>
    <subfield code="2">ddc</subfield>
    <subfield code="4">0</subfield>
    <subfield code="7">0</subfield>
    <subfield code="a">ISPLB</subfield>
    <subfield code="b">ISPLB</subfield>
    <subfield code="d">2026-04-02</subfield>
    <subfield code="i">9 (5)</subfield>
    <subfield code="l">0</subfield>
    <subfield code="o">32</subfield>
    <subfield code="p">2026-0107</subfield>
    <subfield code="r">2026-04-02</subfield>
    <subfield code="w">2026-04-02</subfield>
    <subfield code="y">Livros</subfield>
  </datafield>
  <datafield tag="952" ind1=" " ind2=" ">
    <subfield code="0">0</subfield>
    <subfield code="1">0</subfield>
    <subfield code="2">ddc</subfield>
    <subfield code="4">0</subfield>
    <subfield code="7">0</subfield>
    <subfield code="a">ISPLB</subfield>
    <subfield code="b">ISPLB</subfield>
    <subfield code="d">2026-04-02</subfield>
    <subfield code="i">9 (5)</subfield>
    <subfield code="l">0</subfield>
    <subfield code="o">32</subfield>
    <subfield code="p">2026-0108</subfield>
    <subfield code="r">2026-04-02</subfield>
    <subfield code="w">2026-04-02</subfield>
    <subfield code="y">Livros</subfield>
  </datafield>
  <datafield tag="952" ind1=" " ind2=" ">
    <subfield code="0">0</subfield>
    <subfield code="1">0</subfield>
    <subfield code="2">ddc</subfield>
    <subfield code="4">0</subfield>
    <subfield code="7">0</subfield>
    <subfield code="a">ISPLB</subfield>
    <subfield code="b">ISPLB</subfield>
    <subfield code="d">2026-04-02</subfield>
    <subfield code="i">9 (5)</subfield>
    <subfield code="l">0</subfield>
    <subfield code="o">32</subfield>
    <subfield code="p">2026-0109</subfield>
    <subfield code="r">2026-04-02</subfield>
    <subfield code="w">2026-04-02</subfield>
    <subfield code="y">Livros</subfield>
  </datafield>
</record>
